000 00246nam a22001217a 4500
008 181205b xxu||||| |||| 00| 0 eng d
041 _aeng
080 _a541
100 _a12
101 _akim
245 _aChemistry
_cChang,P
942 _2udc
_cBK
999 _c52904
_d52904